|
|
|
|
| LEADER |
00000nam a2200000Ii 4500 |
| 001 |
DIGUCAUCA0083 |
| 003 |
NyNyDIG |
| 007 |
cr ||||||||||| |
| 008 |
210830s2017 ck ab ob 001 0dspa d |
| 006 |
m o d |
| 035 |
|
|
|a (OCoLC)1253290988
|
| 040 |
|
|
|a DGITA
|b eng
|e rda
|e pn
|c DGITA
|
| 020 |
|
|
|a 9789587322767
|q eBook
|q pdf
|
| 020 |
|
|
|a 9789587322774
|q eBook
|q ePub
|
| 020 |
|
|
|z 9789587322750
|
| 043 |
|
|
|a s-ck---
|
| 050 |
1 |
4 |
|a HD9014.C73 ebook
|
| 082 |
1 |
4 |
|a 363.809861
|
| 100 |
1 |
|
|a Erazo Quintero, Wilmer Andrés,
|d 1991-
|e author.
|
| 245 |
1 |
0 |
|a Soberanía alimentaria y el agro-negocio forestal :
|b Cajibío-Cauca/
|c Wilmer Andrés Erazo Quintero, Oscar Mauricio Lizcano González.
|
| 250 |
|
|
|a Primera edición en español.
|
| 264 |
|
1 |
|a Popayán, Colombia :
|b Editorial Universidad del Cauca,
|c [2017]
|
| 300 |
|
|
|a 1 online resource :
|b illustrations (chiefly color), color maps.
|
| 336 |
|
|
|a text
|b txt
|2 rdacontent
|
| 337 |
|
|
|a computer
|b c
|2 rdamedia
|
| 338 |
|
|
|a online resource
|b cr
|2 rdacarrier
|
| 347 |
|
|
|a text file
|2 rdaft
|
| 347 |
|
|
|b PDF
|
| 500 |
|
|
|a "Convocatoria 2015, modalidad investigación" -- Cover.
|
| 504 |
|
|
|a Includes bibliographical references and index.
|
| 588 |
0 |
|
|a Online resource; title from PDF title page (Digitalia, viewed August 30, 2021)
|
| 650 |
|
0 |
|a Food security
|z Colombia
|z Cauca (Department)
|
| 650 |
|
0 |
|a Land use, Rural
|z Colombia
|z Cauca (Department)
|
| 650 |
|
0 |
|a Non-timber forest products industry
|z Colombia
|z Cauca (Department)
|
| 655 |
|
0 |
|a Electronic books.
|
| 700 |
1 |
|
|a Liscano González, Oscar Mauricio,
|d 1991-
|e author.
|
| 791 |
2 |
|
|a Digitalia (Firm),
|e distributor.
|
| 793 |
0 |
|
|g Digitalia eBook Collection:
|a Editorial Universidad del Cauca
|
| 776 |
0 |
8 |
|i Print version:
|a Erazo Quintero, Wilmer Andrés, 1991-
|t Soberanía alimentaria y el agro-negocio forestal.
|b Primera edición en español.
|d Popayán, Colombia : Editorial Universidad del Cauca, [2017]
|z 9789587322750
|w (OCoLC)1038781742
|
| 856 |
4 |
0 |
|3 Digitalia Hispánica
|u https://www.digitaliapublishing.com/a/82817/
|
| 910 |
|
|
|a Premium collection: 2021
|